Представление документа в формате RUSMARC

ПолеНазваниеЗначение
  Тип записи c
  Библиографический уровень m
001 Контрольный номер RU/УОНБ/EK_N/322864295
005 Дата корректировки 20260423105030.2
010 Индекс ISBN __
a ISBN 5-9252-0451-4
9 Тираж 2000 экз.
013 Номер (ISMN) __
d Цена 70 р.
100 Данные общей обработки __
a Данные общей обработки 20190810d2003 u y0rusy0103 ca
101 Язык документа 0_
a Язык текста rus
f Язык титульного листа rus
102 Страна публикации __
a Страна публикации RU
125 Кодированные данные звукозаписи и нотных изданий __
a Форма изложения нотного текста с|
128 Кодированные данные (звукозаписи-физические характеристики) __
a Кодированные данные: Музыкальная форма и тональность или лад zz
b Инструменты или голоса, необходимые для ансамблей (устаревшее) cd||
c Инструменты или голоса, рекомендуемые для солистов (устаревшее) ka||
200 Заглавие и сведения об ответственности 1_
a Заглавие Музыкальное искусство
e Сведения, относящиеся к заглавию нотная хрестоматия
e Сведения, относящиеся к заглавию 2 класс
e Сведения, относящиеся к заглавию пособие для учителя
f Первые сведения об ответственности составители В. О. Усачева, Л. В. Школяр, В. А. Школяр
203 Вид содержания и тип средства __
a Вид содержания Музыка
b Характеристика содержания знаковая
c Тип средства непосредственная
210 Выходные данные 1_
a Место издания Москва
c Издательство Вентана-Граф
d Дата издания 2003
215 Физическое описание __
a Объем 232 с.
d Формат 29 см
330 Аннотация __
a Аннотация Хрестоматия является неотъемлемой частью УМК "Музыкальное искусство". В ней подобран основной нотный материал, необходимый для проведения полноценных уроков
606 Тематические рубрики 0_
a Основная рубрика Нотные учебные пособия для начальной общеобразовательной школы
x Основная подрубрика Школьное музыкальное воспитание
x Основная подрубрика Младший школьный возраст
x Основная подрубрика Начальная школа
610 Ключевые слова 0_
a Ключевые слова нотные учебные пособия для начальной общеобразовательной школы
610 Ключевые слова 0_
a Ключевые слова хрестоматии для общеобразовательных школ
610 Ключевые слова 0_
a Ключевые слова младший школьный возраст
686 Индексы других классификаций __
a Классификационный индекс 85.98я71
2 Код системы rubbk
702 Вторичная интеллектуальная ответственность _1
a Фамилия Усачева
b Имя (инициалы) В. О.
g Полное личное имя Валерия Олеговна
4 Код отношения 220
702 Вторичная интеллектуальная ответственность _1
a Фамилия Школяр
b Имя (инициалы) Л. В.
g Полное личное имя Людмила Валентиновна
4 Код отношения 220
702 Вторичная интеллектуальная ответственность _1
a Фамилия Школяр
b Имя (инициалы) В. А.
g Полное личное имя Владимир Александрович
4 Код отношения 220
801 Источник записи _0
a Страна RU
b Организация Ульяновская ОНБ
c Дата составления 20190810
g Правила каталогизации PSBO
801 Источник записи _1
a Страна RU
b Организация Ульяновская ОНБ
c Дата составления 20190810
901 Тип документа __
t Тип документа m
909 Создатель записи __
a Создатель записи Никитина Т. А.
910 Корректоры записи __
a Корректор записи Никитина Т. А.
b Дата внесения изменения в запись 20260423
938 Служебная информация __
a Имя БД noti
b Имя библиотеки УОНБ
c Имя АИБС МАРК-SQL
d Номер DOC_ID в БД 6017